| 000 | 00586cam a2200205 i 4500 | ||
|---|---|---|---|
| 001 | 2570184 | ||
| 003 | BD-DhUL | ||
| 005 | 20160512140046.0 | ||
| 008 | 810322m19101917enk 00100 eng d | ||
| 035 | _a2570184 | ||
| 040 |
_aANL _beng _cBD-DhUL _dANL _dBD-DhUL |
||
| 082 |
_a330.9 _bSME |
||
| 100 | 1 |
_aSmart, William. _d1853-1915. |
|
| 245 | 1 | 0 |
_aEconomic annals of the nineteenth century, 1821-1830 / _cWilliam Smart |
| 260 |
_aLondon : _bMacmillan, _c1917. |
||
| 300 |
_a1 v. _c22 cm. |
||
| 651 | 0 |
_aGreat Britain _xEconomic conditions. |
|
| 942 |
_2ddc _cBK |
||
| 984 |
_aANL _c330.9 SMA |
||
| 999 |
_c63986 _d63986 |
||